Letters from the Mughal court (Record no. 62622)
[ view plain ]
| 000 -LEADER | |
|---|---|
| fixed length control field | 00515nam a2200205Ia 4500 |
| 003 - CONTROL NUMBER IDENTIFIER | |
| control field | 0100 |
| 005 - DATE AND TIME OF LATEST TRANSACTION | |
| control field | 20190219091645.0 |
| 008 - FIXED-LENGTH DATA ELEMENTS--GENERAL INFORMATION | |
| fixed length control field | 130303s9999 xx 000 0 und d |
| 040 ## - CATALOGING SOURCE | |
| Transcribing agency | ARRUPELIB |
| 050 ## - LIBRARY OF CONGRESS CALL NUMBER | |
| Classification number | DS461.3.L47 1981 |
| 300 ## - PHYSICAL DESCRIPTION | |
| Dimensions | 21cm. |
| 245 ## - TITLE STATEMENT | |
| Title | Letters from the Mughal court |
| Remainder of title | the first Jesuit Mission to Akbar (1580-1583) |
| Statement of responsibility, etc | Edited with Introduction by John Correia-Afonso |
| 260 ## - PUBLICATION, DISTRIBUTION, ETC. (IMPRINT) | |
| Place of publication, distribution, etc | St Louis |
| Name of publisher, distributor, etc | The Institute of Jesuit sources |
| Date of publication, distribution, etc | 1981 |
| 300 ## - PHYSICAL DESCRIPTION | |
| Extent | 136p. ; |
| 440 ## - SERIES STATEMENT/ADDED ENTRY--TITLE | |
| Title | studies in Indian history and culture of the Heras Institute of Bombay |
| Number of part/section of a work | 24 |
| 9 (RLIN) | 44731 |
| 700 ## - ADDED ENTRY--PERSONAL NAME | |
| Personal name | Correia-Afonso, John |
| 9 (RLIN) | 44732 |
| 942 ## - ADDED ENTRY ELEMENTS (KOHA) | |
| Source of classification or shelving scheme | Library of Congress Classification |
| Koha item type | Monograph ( Printed materials) |
| Withdrawn status | Lost status | Source of classification or shelving scheme | Damaged status | Not for loan | Collection code | Home library | Current library | Shelving location | Date acquired | Total Checkouts | Full call number | Barcode | Date last seen | Copy number | Price effective from | Koha item type |
|---|---|---|---|---|---|---|---|---|---|---|---|---|---|---|---|---|
| Library of Congress Classification | Main Collection | ARRUPE LIBRARY | ARRUPE LIBRARY | Main Collection | 05/03/2013 | DS461.3.L47 1981 | 46600003861 | 04/12/2017 | 1 | 05/03/2013 | Monograph ( Printed materials) |